| 000 | 00748nam a2200241 i 4500 | ||
|---|---|---|---|
| 001 | bg | ||
| 100 | 1 | _aMALEWICZ, Anna. | |
| 245 | 0 | 0 |
_aEncyklopedia władz spółek. _nT. 2, _pRachunkowość, sprawozdawczość, analiza finansowa / _cAnna Malewicz. |
| 260 |
_aWarszawa : _bCentrum Informacji Menedżera, _c1995. |
||
| 300 |
_a[3], 165 s. : _brys. ; _c20 cm. |
||
| 490 | 1 | _aLektury Menedżera | |
| 650 | 9 |
_aSpółki _xfinanse |
|
| 650 | 9 |
_aSpółki _xrachunkowość |
|
| 650 | 9 |
_aSpółki _xsprawozdawczość |
|
| 830 | _aLektury Menedżera | ||
| 020 | _a8386210583 (t. 2) | ||
| 040 | _cBPK | ||
| 041 | 0 | _apl | |
| 080 | _a334.72:658.14/.17:657 | ||
| 920 | _a83-86210-58-3 (t. 2) | ||
| 942 | _cKS | ||
| 008 | s pl f |000 0 pol | ||
| 999 |
_c33211 _d33211 |
||
| 856 |
_uhttp://koha.tu.koszalin.pl/cgi-bin/koha/opac-detail.pl?biblionumber=33211 _yKatalog online BPK |
||